| 000 | 00711cab a2200265 4500 | ||
|---|---|---|---|
| 001 | X654 | ||
| 008 | 090401t1993 xxu||||| |||| 00| 0 eng d | ||
| 035 | _a(Sirsi) u66816 | ||
| 041 | _aeng | ||
| 100 | _aAdams, C. D. | ||
| 245 | _aDevelpment constraints, market processes and supply of industrial land | ||
| 260 | _c1993 | ||
| 350 | _a0 | ||
| 490 |
_aJournal of Property Research _v10(1) Spring 1993, 49-61(13) |
||
| 520 | _aReferences. | ||
| 650 | _aDEVELOPMENT CONSTRAINTS | ||
| 650 | _aINDUSTRIAL | ||
| 650 | _aLAND AVAILABILITY | ||
| 650 | _aLAND | ||
| 690 | _aPROPERTY-COMMERCIAL PROPERTY | ||
| 700 | _aRussell, L. | ||
| 700 | _aTaylor-Russell, C.S. | ||
| 942 | _n0 | ||
| 948 | _c04/03/1997 | ||
| 999 |
_c41752 _d41752 |
||